| 000 | 00612cam a2200193 4500 | ||
|---|---|---|---|
| 020 | _a0813815606 | ||
| 082 |
_a001.422 _bSNE _cDonation |
||
| 100 | 1 |
_aSnedecor, George W. _936434 |
|
| 245 | 1 | 0 |
_aStatistical methods / _cby George W. Snedecor and William G. Cochran. |
| 250 | _a6th ed. | ||
| 260 |
_aAmes : _bIowa State University Press, _c1967. |
||
| 300 | _axiv, 593 p. | ||
| 500 | _aTitle of earlier editions varies slightly. | ||
| 526 |
_a0 _b0 _c0 _d001_422000000000000_SNE |
||
| 650 | 2 |
_aBiometry. _92442 |
|
| 650 | 2 |
_aStatistics as Topic. _936435 |
|
| 700 | 1 |
_aCochran, William G. _9158 |
|
| 942 |
_2ddc _cBK |
||
| 999 |
_c541497 _d541497 |
||